Представление документа в формате MARC21

ПолеНазваниеЗначение
  Тип записи a
  Библиографический уровень m
001 Контрольный номер RU\infra-m\znanium\bibl\2238820
005 Дата корректировки 20260429142059.3
008 Кодируемые данные 260330s2026 RU g rus u
020 Индекс ISBN __
a ISBN 978-5-16-021823-6
020 Индекс ISBN __
a ISBN 978-5-16-114572-2 (электр. издание)
040 Источник каталогиз. __
a Служба первич. каталог. Общество с ограниченной ответственностью «ЗНАНИУМ»
041 Код языка издания __
a Код языка текста rus
044 Код страны публикации __
a Код страны публикации RU
080 Индекс УДК __
a Индекс УДК 343.9(075.4)
084 Индекс другой классификации/Индекс ББК __
2 Источник индекса rubbk
a Индекс другой классификации/Индекс ББК 67.51
084 Индекс другой классификации/Индекс ББК __
2 Источник индекса okso
a Индекс другой классификации/Индекс ББК 10.05.05
084 Индекс другой классификации/Индекс ББК __
2 Источник индекса okso
a Индекс другой классификации/Индекс ББК 40.03.01
084 Индекс другой классификации/Индекс ББК __
2 Источник индекса okso
a Индекс другой классификации/Индекс ББК 40.05.01
084 Индекс другой классификации/Индекс ББК __
2 Источник индекса okso
a Индекс другой классификации/Индекс ББК 40.05.02
084 Индекс другой классификации/Индекс ББК __
2 Источник индекса okso
a Индекс другой классификации/Индекс ББК 40.05.03
084 Индекс другой классификации/Индекс ББК __
2 Источник индекса okso
a Индекс другой классификации/Индекс ББК 40.05.04
084 Индекс другой классификации/Индекс ББК __
2 Источник индекса okso
a Индекс другой классификации/Индекс ББК 40.06.01
084 Индекс другой классификации/Индекс ББК __
2 Источник индекса okso
a Индекс другой классификации/Индекс ББК 44.05.01
100 Автор __
a Автор Гарофало Р.
q Полное имя Гарофало Рафаэле
245 Заглавие __
a Заглавие Криминология
b Продолж. заглавия Монография
250 Сведения об издании __
a Основные сведения об издании 1
260 Выходные данные __
a Место издания Москва
b Издательство ООО "Научно-издательский центр ИНФРА-М"
c Дата издания 2026
300 Физическое описание __
a Объем 296 с.
440 Серия __
a Серия Библиотека криминолога
520 Аннотация __
a Аннотация Выдающийся итальянский юрист и ученый Рафаэле Гарофало ставит в своей книге вопросы о сущности преступного поведения защиты общества от преступности и системах наказания преступников которые остаются актуальными и по сей день. Работа печатается в переводе с американского издания 1914 года. Книга предназначена для студентов аспирантов преподавателей юридических вузов и факультетов а также для широкого круга читателей интересующихся проблемами борьбы с преступностью.
521 Примеч. о цел. назн. __
a Примеч. о целев. назн. Дополнительное профессиональное образование
650 Тематические рубрики __
a Основная рубрика Право. Юридические науки
x Основная подрубрика Криминология
655 Указ. предметных рубрик (устаревшее) __
a Жанр/ форма (устаревшее) Монография
700 Другие авторы __
a Другие авторы Овчинский В.С.
q Полное имя Овчинский Владимир Семенович
u Дополнение Министерство внутренних дел Российской Федерации
856 Электронный адрес документа 4_
a Имя сервера/домена znanium.ru
m Помощь ebs_support@infra-m.ru
n Местонахождение сервера НИЦ ИНФРА-М
u URL https://znanium.ru/catalog/document?id=480388
856 Электронный адрес документа 48
a Имя сервера/домена znanium.ru
d Путь /cover/2238
f Электронное имя 2238820.jpg
q Тип электронного формата image/jpeg
u URL https://znanium.ru/cover/2238/2238820.jpg
911 __
u 0030=https://znanium.ru/catalog/document?id=480388